| 000 | 00431nam a2200169Ia 4500 | ||
|---|---|---|---|
| 003 | GCL | ||
| 008 | 140319s9999 xx 000 0 eng d | ||
| 040 |
_aGCL / _cGCL |
||
| 082 | 0 | 4 |
_a751.422 _bP A |
| 100 | 1 | _aPARRAMON, JOSE M. | |
| 245 | 1 | 0 |
_aALL ABOUT TECHNIQUES IN WATER COLOUR / _cPARRAMON, JOSE M. |
| 260 |
_a[S.N] : _bBARRONS ، _c1997 |
||
| 300 | _a144 P | ||
| 650 | 0 | 4 | _aARTS |
| 650 | 0 | 4 | _aWATER COLOURS |
| 942 |
_2ddc _cBK |
||
| 999 |
_c16431 _d16431 |
||